Normal view
MARC view
Entry Personal Name
001 - CONTROL NUMBER
- control field: 9657
003 - CONTROL NUMBER IDENTIFIER
- control field: ARRUPE
005 - DATE AND TIME OF LATEST TRANSACTION
- control field: 20140402112554.0
008 - FIXED-LENGTH DATA ELEMENTS
- fixed length control field: 140402|| aca||aabn | a|a d
040 ## - CATALOGING SOURCE
- Original cataloging agency: ARRUPE
- Transcribing agency: ARRUPE
100 ## - HEADING--PERSONAL NAME
- Personal name: Arnold, W. E.
- Fuller form of name: (William Edward)
670 ## - SOURCE DATA FOUND
- Source citation: Work cat.: (ARRUPE)0: Arnold, W. E. (William Edward), The Goldbergs of Leigh Ranch /, 1980.